|
|
|
|
| LEADER |
01737nam a2200493 a 4500 |
| 001 |
nkc20081798893 |
| 003 |
CZ PrNK |
| 005 |
20080804133047.0 |
| 007 |
ta |
| 008 |
080403s2008 xr a e 000 0 cze |
| 015 |
|
|
|a cnb001798893
|
| 020 |
|
|
|a 978-80-7363-214-4
|q (váz.) :
|c Kč 298,00
|
| 035 |
|
|
|a (OCoLC)236562371
|
| 040 |
|
|
|a OLA001
|b cze
|
| 072 |
|
7 |
|a 82
|x Literatura. Literární život
|2 Konspekt
|9 11
|
| 080 |
|
|
|a 82
|2 MRF
|
| 080 |
|
|
|a 101
|2 MRF
|
| 080 |
|
|
|a [82:081]-021.61
|2 MRF
|
| 080 |
|
|
|a 82:081
|2 MRF
|
| 080 |
|
|
|a 028.1
|2 MRF
|
| 080 |
|
|
|a (0:82-4)
|2 MRF
|
| 100 |
1 |
|
|a Cílek, Václav,
|d 1955-
|7 jo20000080776
|4 aut
|
| 245 |
1 |
0 |
|a Borgesův svět /
|c Václav Cílek ; ilustrace Helena Wernischová
|
| 250 |
|
|
|a 1. vyd.
|
| 260 |
|
|
|a Praha :
|b Dokořán,
|c 2008
|
| 300 |
|
|
|a 225 s. :
|b il. ;
|c 19 cm
|
| 504 |
|
|
|a Obsahuje bibliografii a bibliografické odkazy
|
| 650 |
0 |
7 |
|a literatura
|7 ph117222
|x filozofické pojetí
|2 czenas
|
| 650 |
0 |
7 |
|a literární kánon
|7 ph388304
|2 czenas
|
| 650 |
0 |
7 |
|a literární díla
|7 ph166330
|2 czenas
|
| 650 |
0 |
7 |
|a čtenářství
|7 ph222812
|2 czenas
|
| 650 |
0 |
9 |
|a literature
|x philosophical approach
|2 eczenas
|
| 650 |
0 |
9 |
|a literary canon
|2 eczenas
|
| 650 |
0 |
9 |
|a literary pieces
|2 eczenas
|
| 650 |
0 |
9 |
|a reading
|2 eczenas
|
| 655 |
|
7 |
|a eseje
|7 fd132213
|2 czenas
|
| 655 |
|
9 |
|a essays
|2 eczenas
|
| 700 |
1 |
|
|a Wernischová, Helena,
|d 1942-
|7 jk01151616
|4 ill
|
| 856 |
4 |
1 |
|u http://www.digitalniknihovna.cz/mzk/uuid/uuid:f0a381c0-b286-11e9-9209-005056827e51
|y Digitalizovaný dokument
|x NDK
|
| 910 |
2 |
|
|a BOA001
|b 1-1201.873
|
| 990 |
|
|
|a BK
|
| 995 |
|
|
|a 01
|
| 991 |
|
|
|b 200804
|c NOV
|
| 996 |
6 |
|
|b 2610339791
|c 1-1201.873
|l MZK
|r Sklad / do 1 hodiny
|n 6
|p p.v.
|w 000891802
|u 000010
|a 1
|e BOA001
|j MZK50
|s P
|